Thermodynamics : (Record no. 4976)
[ view plain ]
| 000 -LEADER | |
|---|---|
| fixed length control field | 01254nac a22003131u 4500 |
| 008 - FIXED-LENGTH DATA ELEMENTS--GENERAL INFORMATION | |
| fixed length control field | 080915t xxu||||| |||| 00| 0 eng d |
| 010 ## - LIBRARY OF CONGRESS CONTROL NUMBER | |
| LC control number | 2006021201 |
| 020 ## - INTERNATIONAL STANDARD BOOK NUMBER | |
| International Standard Book Number | 0073529214 (hard copy : alk. paper) |
| 020 ## - INTERNATIONAL STANDARD BOOK NUMBER | |
| International Standard Book Number | 9780073529219 (hard copy : alk. paper) |
| 020 ## - INTERNATIONAL STANDARD BOOK NUMBER | |
| International Standard Book Number | 0071250840 (pbk.) |
| 020 ## - INTERNATIONAL STANDARD BOOK NUMBER | |
| International Standard Book Number | 9780071250849 (pbk.) |
| 035 ## - SYSTEM CONTROL NUMBER | |
| System control number | (OCoLC)ocm63691383 |
| 035 ## - SYSTEM CONTROL NUMBER | |
| System control number | (OCoLC)63691383 |
| 082 00 - DEWEY DECIMAL CLASSIFICATION NUMBER | |
| Classification number | 621.4021 |
| Item number | CEN |
| 100 ## - MAIN ENTRY--PERSONAL NAME | |
| Personal name | Cengel, Yunus A. |
| 245 10 - TITLE STATEMENT | |
| Title | Thermodynamics : |
| Remainder of title | an engineering approach / |
| Statement of responsibility, etc | Yunus A. Cengel, Michael A. Boles. |
| 250 ## - EDITION STATEMENT | |
| Edition statement | 6th ed. |
| 260 ## - PUBLICATION, DISTRIBUTION, ETC. (IMPRINT) | |
| Place of publication, distribution, etc | Boston : |
| Name of publisher, distributor, etc | McGraw-Hill Higher Education, |
| Date of publication, distribution, etc | c2008. |
| 300 ## - PHYSICAL DESCRIPTION | |
| Extent | xxxi, 1018 p. : |
| Other physical details | ill. ; |
| Dimensions | 27 cm. + |
| Accompanying material | 1 DVD-ROM (4 3/4 in.). |
| 490 1# - Series Statement | |
| Series statement | McGraw-Hill series in mechanical engineering |
| 500 ## - GENERAL NOTE | |
| General note | Includes CD |
| 504 ## - BIBLIOGRAPHY, ETC. NOTE | |
| Bibliography, etc | Includes bibliographical references and index. |
| 650 #0 - SUBJECT ADDED ENTRY--TOPICAL TERM | |
| Topical term or geographic name as entry element | Thermodynamics. |
| 655 ## - INDEX TERM--GENRE/FORM | |
| -- | 2213 |
| Genre/form data or focus term | Thermo-Fluid Mechanics (Mechanical)- year 1. |
| Form subdivision | |
| General subdivision | Engineering |
| Chronological subdivision | Semester 2. 2008/2009 |
| 700 1# - ADDED ENTRY--PERSONAL NAME | |
| Personal name | Boles, Michael A. |
| 830 #0 - SERIES ADDED ENTRY--UNIFORM TITLE | |
| Uniform title | McGraw-Hill series in mechanical and aerospace engineering. |
| 856 41 - ELECTRONIC LOCATION AND ACCESS | |
| Materials specified | Table of contents only |
| Uniform Resource Identifier | <a href="http://www.loc.gov/catdir/toc/ecip0616/2006021201.html">http://www.loc.gov/catdir/toc/ecip0616/2006021201.html</a> |
| 942 ## - ADDED ENTRY ELEMENTS (KOHA) | |
| Item type | |
| Call number prefix | 621.4021CEN |
| Source of classification or shelving scheme | Dewey Decimal Classification |
| Withdrawn status | Item status | Source of classification or shelving scheme | Damaged status | Not for loan | Home library | Current library | Shelving location | Date acquired | Source of acquisition | Total Checkouts | Total Renewals | Full call number | Barcode | Date last seen | Date last borrowed | Koha item type | Materials specified (bound volume or other part) | Vendor | Public note |
|---|---|---|---|---|---|---|---|---|---|---|---|---|---|---|---|---|---|---|---|
| Dewey Decimal Classification | Central Library | Central Library | First floor | 04/10/2007 | Purchase | 19 | 74 | 621.4021 CEN | 000006038 | 15/07/2025 | 04/01/2017 | Book - Borrowing | |||||||
| Dewey Decimal Classification | Damaged | Central Library | Central Library | First floor | 10/09/2008 | Purchase | 20 | 89 | 621.4021 CEN | 000013889 | 05/09/2016 | 28/02/2016 | Book - Borrowing | BOX01 | |||||
| Dewey Decimal Classification | Central Library | Central Library | First floor | 10/09/2008 | Purchase | 19 | 90 | 621.4021 CEN | 000013890 | 15/07/2025 | 22/12/2016 | Book - Borrowing | |||||||
| Dewey Decimal Classification | Central Library | Central Library | First floor | 10/09/2008 | 621.4021 CEN | 000013894 | 24/08/2022 | CD | DVD - With book | Student Resource DVD | ||||||||||
| Dewey Decimal Classification | Central Library | Central Library | First floor | 10/09/2008 | 621.4021 CEN | 000013893 | 24/08/2022 | CD | DVD - With book | Student Resource DVD | ||||||||||
| Dewey Decimal Classification | Central Library | Central Library | First floor | 18/01/2010 | 621.4021 CEN | 000019512 | 24/08/2022 | CD | DVD - With book |